|
|
|
|
| LEADER |
00000cam a2200000 7i4500 |
| 001 |
0000033640 |
| 005 |
20250708094109.0 |
| 008 |
120924 |
| 020 |
|
|
|a 9789830051079
|
| 020 |
|
|
|a 9830051079
|
| 041 |
0 |
|
|a English
|
| 090 |
0 |
0 |
|a BIO
|b ENG
|
| 245 |
0 |
0 |
|a Who? :
|b Louis Braille
|
| 260 |
|
|
|a JB :
|b Penerbitan Pelangi Sdn. Bhd ,
|c 2012
|
| 300 |
|
|
|a 130 p. :
|b ill., col. ;
|c 21.5 cm.
|
| 490 |
1 |
|
|a Komik biografi
|
| 500 |
|
|
|a Children ages 10-12 years old (pink)
|
| 541 |
|
|
|c Purchased on 2019
|f 2019/14 GUA
|h RM14.40
|
| 650 |
|
0 |
|a Biography
|x Fiction
|
| 999 |
|
|
|a 0001156716
|b Book
|c Children Collection
|e Perbadanan Perpustakaan Awam Johor
|
| 999 |
|
|
|a 0001156717
|b Book
|c Children Collection
|e Perbadanan Perpustakaan Awam Johor
|
| 999 |
|
|
|a 0001156718
|b Book
|c Children Collection
|e Perbadanan Perpustakaan Awam Johor
|
| 999 |
|
|
|a 0001417662
|b Book
|c Teenagers
|e Cawangan Bandar Tenggara
|
| 999 |
|
|
|a 0001417663
|b Book
|c Children Collection
|e Cawangan Taman Sri Lambak
|
| 999 |
|
|
|a 0001417664
|b Book
|c Children Collection
|e Cawangan Tangkak
|
| 999 |
|
|
|a 0001417665
|b Book
|c Children Collection
|e Cawangan Sri Merlong
|
| 999 |
|
|
|a 0001417666
|b Book
|c Children Collection
|e Cawangan Bukit Gambir
|
| 999 |
|
|
|a 0001417667
|b Book
|c Children Collection
|e Cawangan Batu Pahat
|
| 999 |
|
|
|a 0001417668
|b Book
|c Children Collection
|e Cawangan Pontian
|
| 999 |
|
|
|a 0001417669
|b Book
|c Children Collection
|e Cawangan Segamat
|
| 999 |
|
|
|a 0001417670
|b Book
|c Children Collection
|e Cawangan Mersing
|
| 999 |
|
|
|a 0001417671
|b Book
|c Children Collection
|e Cawangan Tmn. Ungku Tun Aminah
|
| 999 |
|
|
|a 0001417672
|b Book
|c Children Collection
|e Cawangan Bandar Penawar
|
| 999 |
|
|
|a 0001417673
|b Book
|c Children Collection
|e Cawangan Kota Tinggi
|
| 999 |
|
|
|a 0001417674
|b Book
|c Children Collection
|e Cawangan Muar
|
| 999 |
|
|
|a 0001417675
|b Book
|c Children Collection
|e Cawangan Taman Universiti
|
| 999 |
|
|
|a 0001417776
|b Book
|c Children Collection
|e Cawangan Taman Sri Lambak
|
| 999 |
|
|
|a 0001417784
|b Book
|c Children Collection
|e Cawangan Segamat
|
| 999 |
|
|
|a 0001417802
|b Book
|c Children Collection
|e Cawangan Mersing
|
| 999 |
|
|
|a 0001417805
|b Book
|c Children Collection
|e Cawangan Kota Tinggi
|
| 999 |
|
|
|a 0001419660
|b Book
|c Children Collection
|e Perbadanan Perpustakaan Awam Johor
|
| 999 |
|
|
|a 0001419661
|b Book
|c Children Collection
|e Perbadanan Perpustakaan Awam Johor
|
| 999 |
|
|
|a 0001611467
|b Book
|c Children Collection
|e Cawangan Tangkak
|
| 999 |
|
|
|a 0001611469
|b Book
|c Children Collection
|e Cawangan Muar
|
| 999 |
|
|
|a 0001611470
|b Book
|c Children Collection
|e Cawangan Kota Tinggi
|
| 999 |
|
|
|a 0001611471
|b Book
|c Children Collection
|e Cawangan Bandar Tenggara
|
| 999 |
|
|
|a 0001611472
|b Book
|c Children Collection
|e Cawangan Batu Pahat
|
| 999 |
|
|
|a 0001611473
|b Book
|c Children Collection
|e Cawangan Pontian
|
| 999 |
|
|
|a 0001611474
|b Book
|c Children Collection
|e Cawangan Tmn. Ungku Tun Aminah
|
| 999 |
|
|
|a 0001611475
|b Book
|c Children Collection
|e Cawangan Taman Sri Lambak
|
| 999 |
|
|
|a 0001611476
|b Book
|c Children Collection
|e Cawangan Mersing
|
| 999 |
|
|
|a 0001611477
|b Book
|c Children Collection
|e Cawangan Segamat
|
| 999 |
|
|
|a 0001611478
|b Book
|c Children Collection
|e Cawangan Taman Universiti
|
| 999 |
|
|
|a 0001611479
|b Book
|c Children Collection
|e Cawangan Bukit Gambir
|
| 999 |
|
|
|a 0001611480
|b Book
|c Children Collection
|e Cawangan Bandar Penawar
|
| 999 |
|
|
|a 0001611747
|b Book
|c Children Collection
|e Perbadanan Perpustakaan Awam Johor
|
| 999 |
|
|
|a 0001611748
|b Book
|c Children Collection
|e Cawangan Urban Transformation Centre
|
| 999 |
|
|
|a 0001611749
|b Book
|c Children Collection
|e Cawangan AEON Kulaijaya
|